The essential unity of all religions.

Bibliographic Details
Main Author: Das, Bhagavan, 1869-1958
Format: Book
Language:English
Published: Benares : [The Kashi vidyapitha?] sole agent: Indian Book-Shop, [1947]
Subjects:

MARC

Tag First Indicator Second Indicator Subfields
LEADER 00000cam a2200000 4500
001 in00000058927
005 20151008051008.0
008 740208s1947 eng u
010 |a  50038268  
035 |a (OCoLC)00794400 
035 |9 AAG4863AM 
040 |c BHA  |d TXA  |d UtOrBLW 
049 |a TXAM  |c [191225] 
050 0 0 |a BL48  |b .D36 1947 
082 0 |a 290 
092 |a 290  |b D229e3 
100 1 |a Das, Bhagavan,  |d 1869-1958. 
245 1 4 |a The essential unity of all religions. 
264 1 |a Benares :  |b [The Kashi vidyapitha?] sole agent: Indian Book-Shop,  |c [1947] 
300 |a lx, 640 pages ;  |c 19cm. 
336 |a text  |b txt  |2 rdacontent 
337 |a unmediated  |b n  |2 rdamedia 
338 |a volume  |b nc  |2 rdacarrier 
500 |a "Third edition, rev. and further enl.]." 
650 0 |a Religion. 
650 0 |a Religions. 
650 0 |a Sacred books. 
999 |a MARS 
999 f f |s 7e03afd4-a9b4-39ce-bb86-b53b42658284  |i 9b00a945-f21a-3a22-8159-157bc6af1544  |t 0 
952 f f |p ric  |a Texas A&M University  |b Rellis Campus  |c Joint Library Facility  |d Remote Storage  |t 0  |e BL48 .D36 1947  |h Library of Congress classification  |i unmediated -- volume  |m A14800626332 
998 f f |a BL48 .D36 1947  |t 0  |l Remote Storage